000 00403nam a2200169Ia 4500
003 0100
005 20141022135903.0
008 130303s9999 xx 000 0 und d
040 _cARRUPELIB
050 _aBX830.1962 A8 C6
100 _aCooke, Bernard J
_912242
245 4 _aThe challenge of Vatican II
260 _aChicago IL
260 _bArgus Comm.
300 _a71p
942 _2lcc
_cMONOGRAPH
999 _c37997
_d37997